| Tag |
First Indicator |
Second Indicator |
Subfields |
| LEADER |
00000pam a2200000 a 4500 |
| 001 |
in00000072676 |
| 005 |
20151008054603.0 |
| 008 |
810312s1982 nyua b 00110 eng |
| 010 |
|
|
|a 81004587
|
| 020 |
|
|
|a 0195029755
|
| 035 |
|
|
|a (OCoLC)07278552
|
| 035 |
|
|
|9 AAJ1096AM
|
| 039 |
0 |
|
|a 2
|b 3
|c 3
|d 3
|e 3
|
| 040 |
|
|
|a DLC
|c DLC
|d TXA
|d UtOrBLW
|
| 043 |
|
|
|a n-us---
|
| 049 |
|
|
|a TXAM
|c 1 [1672558], 2 [804071]
|
| 050 |
0 |
0 |
|a HQ535
|b L4 1982
|
| 082 |
0 |
|
|a 306.8
|2 19
|
| 100 |
1 |
|
|a Leslie, Gerald R.
|
| 245 |
1 |
4 |
|a The family in social context /
|c Gerald R. Leslie.
|
| 250 |
|
|
|a 5th ed.
|
| 264 |
|
1 |
|a New York :
|b Oxford University Press,
|c 1982.
|
| 300 |
|
|
|a viii, 663 pages :
|b illustrations ;
|c 25 cm.
|
| 336 |
|
|
|a text
|b txt
|2 rdacontent
|
| 337 |
|
|
|a unmediated
|b n
|2 rdamedia
|
| 338 |
|
|
|a volume
|b nc
|2 rdacarrier
|
| 500 |
|
|
|a Includes indexes.
|
| 504 |
|
|
|a Bibliography: pages 642-644.
|
| 650 |
|
0 |
|a Families
|z United States.
|
| 650 |
|
0 |
|a Families.
|
| 999 |
|
|
|a MARS
|
| 999 |
f |
f |
|s 1026ba6c-125b-3ca7-a35c-17565dd77b6e
|i a21ad069-a64b-3a48-b01a-1df74ef5222e
|t 0
|
| 952 |
f |
f |
|p ric
|a Texas A&M University
|b Rellis Campus
|c Joint Library Facility
|d Remote Storage
|t 0
|e HQ535 L4 1982
|h Library of Congress classification
|i unmediated -- volume
|m A14806141843
|
| 998 |
f |
f |
|a HQ535 L4 1982
|t 0
|l Remote Storage
|